Využitie vnorenej platformy pre meranie a spracovanie fyzikálnych veličín na základe snímačov pre negravitačné zrýchlenie a gyroskopov

Saved in:
Bibliographic Details
Main Author: Haburčák, Ivan (Author)
Other Authors: Vachálek, Ján (Thesis advisor)
Format: Manuscript Book
Language:Slovak
Published: 2016
Subjects:
Online Access:http://is.stuba.sk/zp/portal_zp.pl?podrobnosti=120425
Tags: Add Tag
No Tags, Be the first to tag this record!

MARC

LEADER 00000ntm a22000003a 4500
001 stuzp58273
003 SK-STU
005 20160719155519.7
007 ta
008 150427s2015----xo-----f-mn---000-0-slo-d
040 |a STU  |b slo 
041 0 |a slo 
100 1 |a Haburčák, Ivan  |u 020020  |k Z4  |4 aut  |U SjF Strojnícka fakulta  |T SjF Ústav automatizácie, merania a aplikovanej informatiky  |X 9235  |U J0020  |Y 802  |7 A000009235 
242 0 1 |a Using nested platform for measurement and processing of physical quantities on the basis of the acceleration sensors and gyroscopes  |y eng 
245 1 0 |a Využitie vnorenej platformy pre meranie a spracovanie fyzikálnych veličín na základe snímačov pre negravitačné zrýchlenie a gyroskopov 
260 |c 2016 
650 4 |a snímač  |2 slo 
650 4 |a Arduino  |2 slo 
650 4 |a Matlab  |2 slo 
650 4 |a akcelerometer  |2 slo 
650 4 |a gyroskop  |2 slo 
650 4 |a zrýchlenie  |2 slo 
650 4 |a meranie  |2 slo 
650 4 |a measurement  |2 eng 
650 4 |a Arduino  |2 eng 
650 4 |a Matlab  |2 eng 
650 4 |a accelerometer  |2 eng 
650 4 |a gyroscope  |2 eng 
650 4 |a acceleration  |2 eng 
650 4 |a sensors  |2 eng 
700 1 |a Vachálek, Ján  |u 020020  |k Z1  |4 ths  |U SjF Strojnícka fakulta  |T SjF Ústav automatizácie, merania a aplikovanej informatiky  |X 2232  |U J0020  |Y 802  |7 A000002232 
856 4 |u http://is.stuba.sk/zp/portal_zp.pl?podrobnosti=120425 
996 |b 284J044021  |c J* 2311/DP  |l JJSK  |s A  |a 24  |w stuzp58273_0001 
SQL |a stuzp58273  |b DDP  |c SLO  |d Využitie vnorenej platformy pre meranie a spracovanie fyzikálnych veličín na základe snímačov pre negravitačné zrýchlenie a gyroskopov  |e 9235  |f Haburčák, Ivan  |g 020020  |h 2232  |i Vachálek, Ján  |j 20160615  |k 51  |l 02  |m http://is.stuba.sk/zp/portal_zp.pl?podrobnosti=120425  |n I-AISP  |o 5.2.14. automatizácia